[Event "10th Mumbai Mayors Cup 2017"]
[Site "Mumbai"]
[Date "2017.06.08"]
[Round "7"]
[White "Rathnakaran, K."]
[Black "Dileep, Kumar R"]
[Result "1-0"]
[WhiteElo "2378"]
[BlackElo "2094"]
[Annotator "TA"]
[PlyCount "74"]
[EventDate "2017.06.04"]
[EventType "swiss"]
[EventCountry "IND"]
[SourceTitle "playchess.com"]
[Source "ChessBase"]
[SourceQuality "1"]

{[%evp 27,74,-23,-32,-26,-27,-49,-41,-35,0,-58,-15,-31,0,0,0,0,0,0,36,31,23,37,117,108,96,116,103,99,100,83,157,117,104,103,408,390,498,495,514,535,622,622,640,-1490,335,331,742,0,1131]} 1. e4 c5 2. Nf3 Nc6 3. d4 cxd4 4. Nxd4 Nf6 5. Nc3 e5 6. Ndb5 d6 7. Nd5 Nxd5 8. exd5 Nb8 9. c4 Be7 10. Be2 O-O 11. O-O a6 12. Nc3 f5 13. f4 Bf6 14. Kh1 Nd7 {LiveBook: 123 Games} 15. a4 {B33: Sicilian: Pelikan and Sveshnikov Variations} (15. Qc2 exf4 16. Bxf4 Be5 17. Qd2 Bxf4 18. Rxf4 Ne5 19. Raf1 Bd7 20. Qd4 Rc8 21. g4 g6 22. Ne4 Qe7 23. gxf5 Rxf5 24. Ng3 Rxf4 25. Qxf4 {½-½ (64) Apicella,M (2532)-Krasenkow,M (2642) Haguenau 2013}) 15... b6 16. Ra3 exf4 17. Bxf4 {Black is slightly better.} Ne5 $146 ({Predecessor:} 17... Be5 18. Bxe5 Nxe5 19. Qd4 Rb8 20. Nb1 Bd7 21. Nd2 Re8 22. Rg3 Qe7 {1-0 (42) Mateo,R (2420)-Elliott,W (2238) Bled 2002}) 18. b4 ({White should play} 18. a5 $11) 18... Ng6 19. Bg3 {[%cal Bf4g3,Bg3f2,Bf2b6][%mdl 32]} f4 20. Bf2 Bf5 21. Nb1 Re8 {[#] aiming for ...Bxb1.} 22. Nd2 Kh8 23. Nb3 Qe7 24. Ra2 Be4 (24... a5 $14) 25. Bxb6 $16 Bc3 26. Nd4 Nh4 27. Bf3 Bxf3 28. gxf3 Bxb4 ({Better is} 28... Qb7 29. a5 Qc8) 29. Nc6 $36 {[%mdl 2048] White is in control.} Qb7 {[#]} 30. Bf2 $1 {Black must now prevent Rb2.} Nf5 $2 {[%mdl 8192]} (30... Ng6 $16 {is a better chance.}) 31. Qb1 $1 $18 {[%csl LRb4,LRf5]} Qf7 32. Qxb4 Qh5 33. Qc3 Qh3 {( -> ...Ng3+)} 34. Rg1 Re3 35. Nd4 $4 {[%mdl 8192]} (35. Bxe3 $18 Qxf3+ 36. Rag2 Qxe3 37. Qxe3 fxe3 38. Rb2) 35... Nxd4 $4 {[%mdl 8192]} (35... Rxc3 $19 {avoids the disaster.} 36. Re1 Nxd4 37. Bxd4 Rxc4) 36. Qxd4 {[%csl Gg1][%cal Rd4g7]} ({Less strong is} 36. Bxe3 Qxf3+ 37. Rag2 Qxe3 $16) 36... Rg8 $2 (36... Qxf3+ 37. Rg2 Re5) 37. Re1 $2 (37. Bxe3 $18 Qxf3+ 38. Rag2 fxe3 39. Re1) 37... Re2 $2 {[%mdl 8192] Precision: White = 50%, Black = 15%.} (37... Qxf3+ $11 38. Kg1 Qg4+ 39. Kh1 Qf3+ 40. Kg1 Qg4+ 41. Kh1 Qf3+) 1-0

[Event "10th Mumbai Mayors Cup 2017"]
[Site "Mumbai"]
[Date "2017.06.08"]
[Round "7"]
[White "Navalgund, Niranjan"]
[Black "Raja, Rithvik R"]
[Result "1/2-1/2"]
[WhiteElo "2351"]
[BlackElo "2155"]
[Annotator "TA"]
[PlyCount "89"]
[EventDate "2017.06.04"]
[EventType "swiss"]
[EventCountry "IND"]
[SourceTitle "playchess.com"]
[Source "ChessBase"]
[SourceQuality "1"]

{[%evp 22,89,19,13,13,12,12,11,12,14,14,18,14,20,22,4,6,11,11,0,18,12,15,0,10,0,2,0,5,17,77,0,0,0,81,0,0,-17,0,-9,-11,-33,-16,-38,0,0,0,0,0,0,0,0,0,0,0,0,0,0,0,0,0,0,0,0,0,0,0,0,0,0]} 1. d4 Nf6 2. c4 e6 3. g3 d5 4. Nf3 Be7 5. Bg2 O-O 6. O-O dxc4 7. Qc2 a6 8. a4 Bd7 9. Qxc4 Bc6 10. Bf4 a5 11. Nc3 Na6 12. Rac1 Nb4 {E05: Open Catalan: 5 Nf3 Be7} 13. Ne5 {[%cal Re5c6]} Bxg2 14. Kxg2 Nfd5 (14... c6 15. e4 Nd7 16. Nf3 Qb6 17. Rfd1 Rfd8 18. h4 h6 19. Qe2 Nf6 20. Rd2 {½-½ (88) Meier,G (2630)-Karjakin,S (2783) chess.com INT 2017}) 15. Nxd5 Qxd5+ 16. Qxd5 Nxd5 17. Bd2 c6 18. e4 Nb4 19. Rfd1 $146 ({Predecessor:} 19. Be3 Rfd8 20. Rfd1 {1-0 (77) Greet,A (2443)-Weaving,R (2242) England 2015}) 19... Rfd8 20. Be1 f6 21. Nc4 Kf7 22. f3 g5 (22... b5 $5 {[%cal Rb5c4]} 23. Ne3 c5 $14) 23. b3 h5 24. Kf1 Bf8 (24... Na2 $5 {[%cal Ra2c1]} 25. Ra1 Nb4 $11) 25. Ke2 Be7 (25... Na2 $11) 26. Ne3 (26. Nxa5 $5 Rxa5 27. Rc4 $16) 26... Rd7 27. Nc4 Rdd8 {[#]} 28. Bxb4 (28. Nxa5 $1 $16 {[%mdl 512]} Rxa5 29. Rc4) 28... Bxb4 $11 29. Rd3 h4 30. g4 Bd6 31. h3 Bc7 32. Rcd1 Rd7 33. d5 {The position is equal.} exd5 34. exd5 Re8+ 35. Kf1 Rxd5 36. Rxd5 cxd5 37. Rxd5 {[%mdl 4096] Endgame KRB-KRN} b6 38. Rd7+ Re7 39. Rxe7+ Kxe7 {KB-KN} 40. Ke2 Ke6 41. Kd3 Kd5 42. Ke3 Kc5 {[#] Strongly threatening ...Kb4.} 43. Kd3 $1 Kd5 44. Nd2 Bf4 45. Nc4 {Precision: White = 54%, Black = 59%.} 1/2-1/2

[Event "10th Mumbai Mayors Cup 2017"]
[Site "Mumbai"]
[Date "2017.06.08"]
[Round "7"]
[White "Karthik, Venkataraman"]
[Black "Nayak, Rajesh"]
[Result "1/2-1/2"]
[WhiteElo "2317"]
[BlackElo "2092"]
[Annotator "TA"]
[PlyCount "105"]
[EventDate "2017.06.04"]
[EventType "swiss"]
[EventCountry "IND"]
[SourceTitle "playchess.com"]
[Source "ChessBase"]
[SourceQuality "1"]

{[%evp 13,105,36,27,29,27,4,12,0,-9,-2,0,0,11,0,0,-18,-9,-9,-11,-30,0,-4,19,17,11,16,16,18,37,37,37,31,38,33,55,22,37,31,22,12,18,7,22,13,27,33,36,40,37,47,27,16,21,20,13,18,48,15,47,25,243,14,17,11,16,16,12,14,8,4,4,0,31,8,16,1,8,0,7,0,0,0,7,6,10,0,0,0,0,-8,-8,-20,-6,-40]} 1. e4 c5 2. Nf3 d6 3. d4 cxd4 4. Nxd4 Nf6 5. Nc3 a6 6. Nb3 e5 7. Bg5 Be6 {LiveBook: 5 Games. B94: Sicilian Najdorf: 6 Bg5 Nbd7} (7... Be7 8. Bxf6 Bxf6 9. Qd3 Be6 10. O-O-O Be7 11. Nd5 Bxd5 12. Qxd5 Qc7 13. Kb1 O-O 14. Na5 Nc6 15. Nc4 Rad8 {1-0 (50) Grischuk,A (2737)-Nepomniachtchi,I (2767) Doha 2016}) 8. Bxf6 Qxf6 9. Nd5 Qd8 10. Be2 Nd7 11. O-O Be7 12. Qd3 Nf6 $146 ({Predecessor:} 12... Rc8 13. c3 Nb6 14. Nxe7 Qxe7 15. Rfd1 Nc4 16. Qc2 O-O 17. Bxc4 Rxc4 {1-0 (51) Zhao,J (2589)-Lu,S (2562) China 2013}) 13. Nxf6+ Bxf6 14. Rad1 Be7 15. Qg3 O-O 16. Nc5 {[%cal Bb3c5,Bc5d3,Bd3b4,Bb4d5][%mdl 32]} Bc8 17. Nd3 Qa5 18. a3 Be6 19. Nb4 Rac8 20. Bg4 Qc7 21. Nd5 Qd8 22. c3 Rc4 23. Qd3 Rc6 24. Bf3 Qd7 25. g3 {[%cal Bg2g3,Bg3f4][%mdl 32]} Rfc8 26. Bg2 Bd8 27. Qe2 b5 28. Rd2 Bg5 29. f4 exf4 30. gxf4 Bd8 31. Kh1 Bxd5 32. Rxd5 Rc5 {[%cal Bc6c5,Bc5f5,Bf5f6][%mdl 32]} 33. Rd3 {Black must now prevent Bh3.} Qe7 $1 34. Qg4 Rb8 35. Rg3 {[%csl Gg3][%cal Rg4g7] [#]} (35. Rfd1 $5 {[%cal Rd3d6]}) 35... g6 36. Qf3 f5 $2 (36... Kh8 $11) 37. exf5 $2 ({White has to play} 37. Qd3 $18 Qf8 38. exf5 Rxf5 39. Be4 Rxf4 40. Rgf3 Rxf3 41. Rxf3) 37... Rxf5 $11 38. Qd3 Kh8 $1 39. Be4 Rf6 40. Bd5 {[#] Threatens to win with f5.} Bb6 41. Rgf3 Rbf8 42. a4 Qd7 43. axb5 axb5 {The position is equal.} 44. b3 Bc5 45. Qd2 (45. b4 $5 {[%cal Rb4c5]} Bb6 46. Qe4 $11) 45... Qe8 46. Re1 Qd7 47. Ref1 Qe8 48. Qb2 Qe7 49. c4 b4 50. Qd2 Qd7 51. Qg2 Qg7 52. Qg4 Qh6 53. Qg5 {Precision: White = 41%, Black = 46%.} 1/2-1/2

[Event "10th Mumbai Mayors Cup 2017"]
[Site "Mumbai"]
[Date "2017.06.08"]
[Round "7"]
[White "Gajwa, Ankit"]
[Black "Nguyen, Duc Hoa"]
[Result "0-1"]
[WhiteElo "2309"]
[BlackElo "2477"]
[Annotator "TA"]
[PlyCount "72"]
[EventDate "2017.06.04"]
[EventType "swiss"]
[EventCountry "IND"]
[SourceTitle "playchess.com"]
[Source "ChessBase"]
[SourceQuality "1"]

{[%evp 15,72,28,35,0,0,0,0,0,0,0,0,0,0,16,0,0,0,0,0,0,0,0,223,212,249,228,208,199,257,255,406,359,401,386,517,118,180,175,348,353,350,333,12816,6929,3214,3219,2116,-399,-397,-518,-505,-10660,-2775,-2192,-1562,-29994,-29995,-29995,-29996]} 1. e4 c5 2. Nf3 e6 3. d4 cxd4 4. Nxd4 Nc6 5. Nc3 Qc7 6. Be3 a6 7. Qf3 {B48: Sicilian: Taimanov: 5 Nc3 Qc7 6 Be3 a6 without Be2} Ne5 (7... Nf6 8. O-O-O Rb8 9. Be2 d6 10. Qg3 Nxd4 11. Bxd4 e5 12. Ba7 Ra8 13. Be3 b5 14. f4 Bb7 15. fxe5 Nxe4 16. Nxe4 Bxe4 {1-0 (42) Nepomniachtchi,I (2767)-Adhiban,B (2666) Doha 2016}) 8. Qg3 h5 {LiveBook: 43 Games} 9. Nf5 {White is slightly better.} f6 (9... exf5 $5 10. Nd5 $8 Qb8 $14) 10. Nxg7+ Kf7 11. Nxh5 $1 (11. f4 h4 $17) 11... Rxh5 12. f4 $146 {Strongly threatening Be2.} ({Predecessor:} 12. O-O-O b5 13. f4 Nc4 14. Bxc4 bxc4 {0-1 (35) Barchuk,I (2126)-Vokhidov,S (2366) St Petersburg 2016}) 12... Nc4 13. Bxc4 $1 Qxc4 14. O-O-O $1 $36 {[%mdl 2048] White has good play.} Ne7 15. Qf3 Rh7 16. g4 b5 17. g5 f5 18. h4 {[%cal Bh2h4,Bh4h5][%mdl 32] exf5 is the strong threat.} Rb8 $2 (18... Kg8 $11) 19. h5 $18 {[%mdl 1024] White has strong compensation.} Ke8 20. g6 Rh6 21. Bd4 $1 {Hoping for g7.} b4 (21... Bb7 $142) 22. b3 Qc6 (22... Qc7 $142) 23. g7 bxc3 24. Qg3 Rh7 25. gxf8=Q+ $2 (25. h6 {Threatens to win with Qg5.} Bb7 26. Be5) 25... Kxf8 26. Rhg1 Rb5 $2 (26... fxe4 27. f5 $18) (26... Qxe4 $2 27. Bc5 $18) (26... Ke8) 27. a4 Ra5 28. Bf6 fxe4 $2 (28... Qc5 29. Bxc3 (29. Bxe7+ Kxe7 30. Kb1 Kd8 $16) 29... Qb6) 29. Bxe7+ $1 Kxe7 30. Qh4+ Kf7 {[#]} 31. Rg6 $4 {[%mdl 8192]} (31. Qd8 $1 $18 {is the narrow road to win. Threatening mate with Rg8.} Rd5 32. Rxd5 Qxd5 33. Qg8+ (33. Qxc8 Qd2+ 34. Kb1 Rg7 $11) 33... Ke7 34. Qxh7+ Kd8 35. h6) 31... Rf5 $19 {aiming for ...Qc5.} 32. Qd8 {[#] Intending Rg8 and mate.} Qc5 $1 {[%cal Rc5a3] ( -> ...Qa3+)} ({Weaker is} 32... Rg7 33. Rxg7+ Kxg7 34. Rg1+ Rg5 35. Qe7+ Kh8 36. Rxg5 e3 37. Qg7#) 33. Rxd7+ (33. Qg8+ $142 Ke7 34. Kb1 (34. Qxh7+ $2 {too greedy.} Rf7 $19) 34... Rfxh5 35. Rg5) 33... Bxd7 34. Qxd7+ Qe7 35. Qc8 Qa3+ 36. Kd1 Qd6+ {Precision: White = 74%, Black = 56%.} 0-1

[Event "10th Mumbai Mayors Cup 2017"]
[Site "Mumbai"]
[Date "2017.06.08"]
[Round "7"]
[White "Mohammad, Fahad Rahman"]
[Black "Saravana, Krishnan P"]
[Result "1/2-1/2"]
[WhiteElo "2305"]
[BlackElo "2353"]
[Annotator "TA"]
[PlyCount "202"]
[EventDate "2017.06.04"]
[EventType "swiss"]
[EventCountry "IND"]
[SourceTitle "playchess.com"]
[Source "ChessBase"]
[SourceQuality "1"]

{[%evp 16,202,27,-15,28,3,20,18,19,19,35,33,40,37,37,18,21,23,87,81,79,60,82,70,82,78,122,122,204,200,188,195,184,155,139,154,123,144,146,130,203,63,287,100,102,12,18,17,19,19,9,0,0,-257,-256,-250,-257,-257,-257,-257,-257,-257,-246,-286,-284,-282,-252,-255,-254,-251,-247,-240,-241,-248,-248,-380,-409,-405,-398,-383,-348,-479,-479,-479,-479,-479,-479,-479,-479,-479,-479,-479,-479,-479,-479,-519,-479,-479,-468,-454,-453,-439,-425,-550,-543,-491,-273,-273,-273,-274,-273,-273,-273,-273,-273,-273,-273,-273,-273,-273,-273,-273,-273,-273,-273,-273,-273,-273,0,-273,-209,-273,-209,-273,-210,-273,-273,-273,-273,-273,-209,-209,-209,-209,-209,-209,0,-209,-209,-209,-209,-209,-209,-273,-209,-273,-209,-209,-209,-273,-273,-273,-209,-273,-209,-273,0,-273,-273,-273,-209,-273,-212,-273,-209,-209,-209,-209,0,-273,0,-209,0,-209,-209,-209,0,-209,-209]} 1. c4 Nf6 2. g3 c6 3. Bg2 d5 4. Nf3 dxc4 5. a4 g6 6. Na3 {A11: English Opening: 1...c6} Bg7 7. Nxc4 O-O 8. O-O Be6 9. Qc2 {LiveBook: 4 Games} a5 $146 ({Predecessor:} 9... h6 10. b4 Nbd7 11. Rb1 Rc8 12. Na5 Qb6 13. d3 c5 {½-½ (37) Ernst,S (2567)-Beerdsen,T (2205) Maastricht 2014}) 10. Ng5 Bxc4 11. Qxc4 Na6 12. d4 Nd7 13. Rd1 Nb4 14. Ne4 Qb6 15. Bh3 Rad8 16. Bg5 Nd5 {[#]} (16... Rfe8 $11 {remains equal.}) 17. Bxd7 $1 $16 Rxd7 18. Nc5 Rdd8 19. e4 h6 20. Bd2 (20. exd5 hxg5 21. dxc6 Qxc6 $15) 20... Nf6 21. b4 $36 {[%mdl 2048] Black is under strong pressure.} Ng4 (21... axb4 $16 {is a better defense.} 22. a5 (22. Bxb4 Qc7 $16) 22... Qb5 23. Qxb5 (23. Qxb4 Nxe4 24. Nxe4 Rxd4 $11) 23... cxb5) 22. e5 Rd5 23. bxa5 (23. h3 $6 Nxe5 24. dxe5 Rfd8 $16) 23... Qa7 24. Nb3 Bxe5 25. Qe2 Bxd4 {[%cal Rg4f2]} 26. Qxg4 Bxa1 27. Rxa1 Rd3 (27... h5 $16 {was necessary.} 28. Qe2 Rfd8) 28. Qb4 ({White should play} 28. Qc4 $18 Rfd8 29. Bxh6) 28... g5 $2 (28... c5 $1 $14 29. Qb5 (29. Nxc5 Rxd2 30. Qxd2 Qxc5 $11) 29... Qa6) 29. Re1 $2 (29. Bc3 $18) 29... c5 30. Qc4 (30. Qg4 $16 Rxb3 {[#]} 31. Bxg5 $1 {[%mdl 512]}) 30... Qa6 $11 31. Qc2 Qd6 32. Be3 Rc8 33. Nd2 c4 $1 34. Nxc4 $2 {[%mdl 8192]} (34. Rb1 $11 {and White stays safe.}) 34... Qd5 $19 35. Rc1 {[#]} Rxc4 $1 {[%mdl 512]} 36. Qxc4 {aiming for Qb4.} Rd1+ 37. Rxd1 Qxc4 {[%mdl 4096] Endgame KQ-KRB} 38. Rd4 Qc3 39. Rd8+ Kh7 40. Rd7 Qb4 (40... Qxa5 41. Rxb7 Qxa4 42. Rxe7 $19) 41. h3 Kg6 ({Don't take} 41... Qxa4 42. Rxe7 Qd1+ 43. Kh2 $17) 42. Bb6 Qe4 ({Much less strong is} 42... Qxa4 43. Rxb7 e5 44. Rb8 $17) 43. Kh2 h5 44. Be3 f5 45. Rd4 (45. Rd8 {is the only way for White.}) 45... Qf3 46. h4 {[#]} f4 $1 {[%mdl 512]} 47. gxf4 g4 {[%cal Bg5g4,Bg4g3][%mdl 32]} ({But not} 47... gxh4 48. f5+ Qxf5 49. Rxh4 $19) 48. f5+ Kxf5 49. Kg1 g3 50. Rd8 Ke4 51. Rg8 gxf2+ 52. Bxf2 Qd1+ 53. Kg2 Qxa4 54. Rg5 Qa3 55. Kg1 Qf3 56. Rg3 Qe2 57. Rg7 Qd1+ 58. Kg2 Qd7 59. Bc5 Qd2+ 60. Bf2 e6 (60... Qxa5 $142 61. Rxe7+ Kf5) 61. Rxb7 Qxa5 62. Rg7 Qd2 63. Rg5 Qe2 64. Rg3 Kf4 65. Rh3 e5 66. Rg3 Qe4+ 67. Kh2 Kf5 68. Re3 Qg4 69. Rh3 Qf4+ 70. Kg2 {Hoping for Rf3.} Qe4+ 71. Kh2 Kf4 72. Rg3 $1 Qc6 73. Rh3 Qf6 74. Kg2 {White threatens Rf3+ and mate.} Ke4 75. Re3+ Kd5 76. Bg3 e4 77. Bf2 Qf4 78. Rh3 Qg4+ 79. Kh2 Kc4 80. Re3 Kd5 81. Rh3 $1 Qd1 82. Kg2 Qc1 83. Rg3 Ke5 84. Rh3 Qc6 85. Kh2 Kf4 86. Be3+ Kf5 87. Bf2 Qa8 88. Rg3 Qa1 {And now ...Qa2 would win.} 89. Kg2 Qa4 90. Rh3 Qc6 91. Kh2 $1 Qa6 {Strongly threatening ...Qf1.} 92. Kg2 Qd6 93. Rg3 Qd8 94. Rh3 Ke5 95. Bg3+ Kd5 {...Qg8 is the strong threat.} 96. Bf2 Qf6 97. Re3 $1 Qf4 98. Rh3 $1 Qg4+ 99. Kh2 $1 Qc8 100. Rg3 Qc1 101. Kg2 $1 Qb1 {Precision: White = 58%, Black = 53%.} 1/2-1/2

[Event "10th Mumbai Mayors Cup 2017"]
[Site "Mumbai"]
[Date "2017.06.08"]
[Round "7"]
[White "Ziatdinov, Raset"]
[Black "Avdhoot, Lendhe"]
[Result "1-0"]
[WhiteElo "2301"]
[BlackElo "2080"]
[Annotator "TA"]
[PlyCount "43"]
[EventDate "2017.06.04"]
[EventType "swiss"]
[EventCountry "IND"]
[SourceTitle "playchess.com"]
[Source "ChessBase"]
[SourceQuality "1"]

{[%evp 10,43,25,9,19,5,41,37,43,53,74,44,48,57,70,76,113,120,127,118,208,213,314,299,321,309,321,299,717,715,713,719,698,626,623,616]} 1. e4 c6 2. Nf3 d5 3. Nc3 Bg4 4. h3 Bxf3 5. Qxf3 Nf6 6. Be2 e6 {B11: Caro-Kann: Two Knights Variation} 7. O-O Qb6 (7... d4 $5 {[%cal Rd4c3]}) (7... Nbd7 8. d4 dxe4 9. Nxe4 Nxe4 10. Qxe4 Nf6 11. Qd3 Bd6 12. a4 Qe7 13. a5 a6 14. Rd1 Rd8 15. Qf3 h6 {1-0 (53) Vachier Lagrave,M (2803)-Agrest,E (2593) chess.com INT 2017}) 8. a4 $146 ({Predecessor:} 8. Re1 d4 9. Na4 Qa5 10. b3 Nbd7 11. Bf1 O-O-O 12. Nb2 Qc7 13. Nc4 Ne5 14. Nxe5 Qxe5 {0-1 (29) Piccoli,F-Goncalves,J Brazil CXEB 1996}) 8... a5 {White is slightly better.} 9. exd5 Nxd5 10. Qg3 Nb4 11. Bd1 $36 {[%mdl 2048] White is pushing.} Qd4 12. d3 Bd6 13. Be3 Bxg3 14. Bxd4 e5 (14... Bf4 $16) 15. Re1 $18 (15. fxg3 exd4 16. Ne2 c5 $14) 15... Kd7 {[#]} (15... O-O $142) 16. Bb6 $1 (16. fxg3 exd4 17. Ne2 c5 $16) (16. Bxe5 Bxe5 17. Rxe5 Kd8 $16) 16... Bf4 17. g3 {[%cal Bg2g3,Bg3f4][%mdl 32]} Ra6 18. Bg4+ (18. gxf4 Rxb6 19. Rxe5 Re8 $16) 18... Kd6 $2 (18... Ke8 19. Bc7 (19. gxf4 Rxb6 20. Rxe5+ Kd8 $18) 19... Nd7 20. gxf4 Nxc2) 19. Ne4+ {White is clearly winning.} (19. gxf4 Rxb6 20. Rxe5 (20. fxe5+ Ke7 $16) 20... Nxc2 $16) 19... Ke7 20. Bc5+ ({Weaker is} 20. gxf4 Rxb6 21. Nd2 Nxc2 $14) 20... Kd8 21. Bxb4 axb4 22. gxf4 {Precision: White = 79%, Black = 21%.} 1-0

[Event "10th Mumbai Mayors Cup 2017"]
[Site "Mumbai"]
[Date "2017.06.08"]
[Round "7"]
[White "Kulkarni, Bhakti"]
[Black "Jishitha, D."]
[Result "1/2-1/2"]
[WhiteElo "2292"]
[BlackElo "1933"]
[Annotator "TA"]
[PlyCount "92"]
[EventDate "2017.06.04"]
[EventType "swiss"]
[EventCountry "IND"]
[SourceTitle "playchess.com"]
[Source "ChessBase"]
[SourceQuality "1"]

{[%evp 20,92,6,7,14,7,11,14,41,0,15,-19,-24,-38,-13,-69,-67,-76,-81,-79,-79,-85,-15,-23,-24,-44,-7,0,0,-8,0,-2,-10,-14,60,59,73,60,52,58,75,45,81,27,27,29,65,66,66,55,58,50,72,69,65,56,62,58,75,61,94,109,119,32,34,33,39,24,34,0,0,0,0,0,0]} 1. d4 d5 2. c4 c6 3. Nf3 Nf6 4. e3 Bg4 5. h3 Bxf3 6. Qxf3 Nbd7 7. Nc3 e6 8. Bd3 Bb4 9. O-O {D11: Slav Defence: 3 Nf3 sidelines and 3...Nf6 4 e3 Bg4} O-O 10. Qd1 dxc4 11. Bxc4 {LiveBook: 10 Games} e5 12. Qb3 Qb6 13. Bd2 $146 ({Predecessor:} 13. Rd1 exd4 14. exd4 Ba5 15. Bf4 Qxb3 16. axb3 Bb4 {½-½ (56) Roiz,M (2659)-Pikula,D (2530) Zlatibor 2008}) 13... Bd6 (13... Be7 {is interesting.} 14. Rad1 Rad8 15. Rfe1 Qc7 16. Qc2 Rfe8) 14. dxe5 Nxe5 15. Qxb6 axb6 16. Be2 Rfd8 17. f4 ({White should play} 17. Rfd1 $11) 17... Ng6 $15 {Hoping for ...Nxf4!} 18. Rad1 Bc5 19. Kh1 b5 {White must now prevent ...b4.} 20. a3 {[#]} b4 ({Better is} 20... Re8 $1 $17 21. f5 Ne5) 21. axb4 $11 Bxb4 22. g4 Bxc3 23. Bxc3 Nd5 24. Bd4 Re8 25. f5 Ngf4 26. Bc4 $1 Rxe3 (26... Nxh3 $11 27. Bxd5 cxd5) 27. Bxe3 $14 Nxe3 {[#]} 28. Ra1 $1 {[%cal Ra1a8]} Rxa1 29. Rxa1 {[%cal Ra1a8][%mdl 4096] Endgame KRB-KNN} Kf8 30. Bb3 {aiming for Ra8+.} (30. Bf1 $5) 30... Nxh3 31. Ra8+ (31. Kh2 $16 Nf2 32. Kg3 Nfxg4 33. Kf4) 31... Ke7 $11 32. Ra7 Nf2+ 33. Kg1 Nfxg4 34. Rxb7+ Kd6 35. Rxf7 h5 36. Rxg7 Nxf5 37. Rg6+ Kc7 38. Rg5 Nd4 39. Bd1 Ne3 40. Bxh5 Nc4 41. b4 (41. Rg2 $16) 41... Ne3 $14 42. Rc5 {And now Kf2 would win.} (42. Kf2 $5 {[%cal Rf2e3]} Nd5 43. Rg4 $16) 42... Kb6 43. Bg6 {Kf2 is the strong threat.} Nd5 44. Rxd5 cxd5 {The position is equal.} 45. Bf7 Kb5 46. Bxd5 Kxb4 {Precision: White = 46%, Black = 49%.} 1/2-1/2

[Event "10th Mumbai Mayors Cup 2017"]
[Site "Mumbai"]
[Date "2017.06.08"]
[Round "7"]
[White "Akash, Pc Iyer"]
[Black "Kamdar, Udit"]
[Result "1-0"]
[WhiteElo "2282"]
[BlackElo "2028"]
[Annotator "NA RC"]
[PlyCount "57"]
[EventDate "2017.06.04"]
[EventType "swiss"]
[EventCountry "IND"]
[SourceTitle "playchess.com"]
[Source "ChessBase"]
[SourceQuality "1"]
[TimeControl "5400+30"]

1. Nf3 c6 2. b3 d5 3. Bb2 Nf6 4. g3 {A06: Réti Opening:1 Nf3 d5} Nbd7 (4... Bg4 5. Bg2 Nbd7 6. d4 e6 7. Nbd2 Bd6 8. c4 O-O 9. O-O Qe7 10. Re1 Ba3 11. Qc1 Bxb2 12. Qxb2 a5 13. a3 Bxf3 14. Bxf3 h6 15. Bg2 Rfd8 16. e3 Ne8 17. e4 dxe4 18. Nxe4 Nd6 19. Nc3 Qf6 20. Rad1 {1-0 (65) Rapport,R (2676)-Piorun,K (2551) Germany 2013}) 5. Bg2 Qc7 6. d3 e5 7. Nbd2 Bd6 8. e4 O-O 9. O-O Re8 10. Re1 b5 $146 ({Predecessor:} 10... d4) 11. h3 d4 12. Nh4 Nb6 13. c3 c5 14. Rc1 Qd8 15. Nf5 Rb8 16. Nxd6 Qxd6 17. cxd4 cxd4 18. Rf1 Ba6 19. f4 Nfd7 20. Nf3 f6 21. fxe5 Nxe5 22. Nxd4 b4 {[#]} 23. Nf5 $1 Qxd3 (23... Qd8 $142 24. Bxe5 Rxe5) 24. Rc7 $1 Nf7 $18 (24... Qxd1 25. Rxg7+ (25. Rxd1 Rb7 $18) 25... Kf8 26. Rxd1 Rb7) 25. Qg4 g6 26. Rxf7 Kxf7 27. Nh6+ Ke7 28. Bxf6+ Kd6 29. Rd1 1-0

[Event "10th Mumbai Mayors Cup 2017"]
[Site "Mumbai"]
[Date "2017.06.08"]
[Round "7"]
[White "Raahul, V S"]
[Black "Mrudul, Dehankar"]
[Result "1/2-1/2"]
[WhiteElo "2282"]
[BlackElo "1942"]
[Annotator "RC"]
[PlyCount "70"]
[EventDate "2017.06.04"]
[EventType "swiss"]
[EventCountry "IND"]
[SourceTitle "playchess.com"]
[Source "ChessBase"]
[SourceQuality "1"]
[TimeControl "5400+30"]

1. c4 e5 2. Nc3 Nf6 3. g3 d5 4. cxd5 Nxd5 5. Bg2 Be6 6. Nf3 Nc6 7. O-O Nb6 8. Rb1 a5 9. d3 Be7 10. Be3 O-O 11. Bxb6 cxb6 12. Nd2 b5 13. Nxb5 Bxa2 14. Ra1 Be6 15. Nc4 Bc5 16. Qa4 f6 17. Nc3 Qd4 18. Bxc6 bxc6 19. Qxc6 Bxc4 20. Ra4 Rfc8 21. Qg2 Bb4 22. dxc4 Qxc4 23. Nd5 Qb5 24. b3 Bd6 25. Rc4 Rab8 26. Nc3 Qb6 27. Rd1 Bf8 28. Qd5+ Kh8 29. Na4 Qa6 30. h4 h6 31. Qf7 Rb7 32. Qd5 Rbb8 33. Qe6 Re8 34. Qf7 Qb7 35. Qxb7 Rxb7 1/2-1/2